|
|
|
|
| LEADER |
00000nam a2200000 a 4500 |
| 001 |
vtls010270316 |
| 003 |
SK-MaSNL |
| 005 |
20260301031653.0 |
| 008 |
240318s2010 xo la e bp 000 0 slo |
| 015 |
|
|
|a SNBA2011/09-04770
|
| 020 |
|
|
|a 9788080861414
|q (brož.)
|
| 035 |
|
|
|a 116E25CE-1E92-4A11-925E-300115AB48F1
|
| 035 |
|
|
|a urn:nbn:sk:snk-amjhjf
|
| 035 |
|
|
|a urn:nbn:sk:snk-am001soc
|
| 040 |
|
|
|a SNK
|b slo
|c SNK
|e AACR2
|
| 041 |
0 |
|
|a slo
|
| 044 |
|
|
|a xo
|c SK
|
| 072 |
|
7 |
|a 621.38
|x Elektronika
|2 konspekt
|
| 080 |
|
|
|a 621.382
|2 2001
|
| 080 |
|
|
|a (076.5)
|2 2001
|
| 080 |
|
|
|a (075.8)
|2 2001
|
| 100 |
1 |
|
|a Dudrík, Jaroslav,
|d 1952-
|4 aut
|9 102396
|
| 245 |
1 |
0 |
|a Návrh, dimenzovanie a ochrana výkonových polovodičových súčiastok
|b riešené príklady
|c Jaroslav Dudrik
|
| 250 |
|
|
|a [1. vyd.]
|
| 260 |
|
|
|a Košice
|b Elfa
|c 2010
|
| 300 |
|
|
|a 116 s.
|b ilustr., sch.
|c 21 cm
|
| 366 |
|
|
|e 60 výt.
|
| 504 |
|
|
|a Bibliogr. s. 116. Skrat.
|
| 650 |
0 |
7 |
|a polovodičové súčiastky
|2 SNKPH
|9 1572
|
| 650 |
0 |
7 |
|a Semiconductor components
|2 SNKPHeng
|9 314825
|
| 650 |
0 |
7 |
|a úlohy
|2 SNKPH
|9 3885
|
| 650 |
0 |
7 |
|a Problems, exercises, etc.
|2 SNK
|9 327552
|
| 655 |
|
7 |
|a praktické cvičenia
|2 SNKPH
|9 70517
|
| 655 |
|
7 |
|a učebnice vysokých škôl
|2 SNKPH
|9 70191
|
| 655 |
|
7 |
|a Problems, exercises, etc.
|2 SNKPHeng
|9 278342
|
| 655 |
|
7 |
|a Textbooks (higher)
|2 SNKPHeng
|9 276436
|
| 919 |
|
|
|a 978-80-8086-141-4
|
| 958 |
|
|
|a NB
|
| 958 |
|
|
|a OND
|
| 968 |
|
|
|d 62
|
| 999 |
|
|
|c 577104
|d 579034
|
| 952 |
|
|
|a SNK
|b SNK
|y PREZ
|7 0
|p 17A0696651
|o snkSC 144980
|i snk2011/8451
|8 0
|0 0
|1 0
|4 0
|d 2011-04-12
|l 0
|r 2025-07-14 00:00:00
|w 2026-02-23
|
| 952 |
|
|
|a SNK
|b SNK
|y VYP
|7 0
|p 17A0696650
|o snkSC 144980 D1
|i snk2011/8452
|8 0
|0 0
|1 0
|4 0
|d 2011-04-12
|f 1
|l 0
|r 2026-02-23 14:37:20
|w 2026-02-23
|